[Event "Collado Villalba op 40th"]
[Site "Collado Villalba"]
[Date "2023.08.22"]
[Round "1"]
[White "Munoz Morato, Miguel"]
[Black "Erice Alonso, Santiago"]
[Result "0-1"]
[WhiteElo "1712"]
[BlackElo "1966"]
[PlyCount "86"]
[EventDate "2023.08.22"]
[EventType "swiss"]
[EventRounds "9"]
[EventCountry "ESP"]
[SourceTitle "EXT 2024"]
[Source "ChessBase"]
[SourceDate "2023.10.10"]
[SourceVersion "1"]
[SourceVersionDate "2023.10.10"]
[SourceQuality "1"]

1. c4 e6 2. Nc3 d5 3. cxd5 exd5 4. d3 Nf6 5. g3 Be7 6. Bg2 0-0 7. Nf3 c5 8. 0-0 Nc6 9. b3 Bg4 10. h3 Bf5 11. Nd2 Qd7 12. Kh2 Rad8 13. Bb2 Rfe8 14. Rc1 h5 15. Na4 b6 16. Nc3 h4 17. e4 Be6 18. Nf3 hxg3+ 19. fxg3 dxe4 20. Nxe4 Qxd3 21. Nxf6+ Bxf6 22. Qxd3 Rxd3 23. Bxf6 gxf6 24. Ne1 Rd2 25. Rc2 Red8 26. Rf2 Rxc2 27. Nxc2 Ne5 28. g4 Kg7 29. Ne1 Rd1 30. Re2 Bd5 31. Kg3 Bxg2 32. Nxg2 Rd3+ 33. Ne3 c4 34. bxc4 Nxc4 35. Kf4 Nxe3 36. Rxe3 Rxe3 37. Kxe3 Kg6 38. h4 f5 39. Kf4 fxg4 40. Kxg4 b5 41. h5+ Kh6 42. Kf5 a5 43. Kf6 b4 0-1

[Event "Collado Villalba op-B 35th"]
[Site "Collado Villalba"]
[Date "2018.09.01"]
[Round "9"]
[White "Munoz Morato, Miguel"]
[Black "Ballina Amandi, Casimiro"]
[Result "1/2-1/2"]
[WhiteElo "1708"]
[BlackElo "1781"]
[PlyCount "95"]
[EventDate "2018.08.24"]
[EventType "swiss"]
[EventRounds "9"]
[EventCountry "ESP"]
[SourceTitle "CBM 186 Extra"]
[Source "ChessBase"]
[SourceDate "2018.08.24"]
[SourceVersion "1"]
[SourceVersionDate "2018.08.24"]
[SourceQuality "1"]

1. c4 c5 2. Nc3 Nc6 3. g3 d6 4. Bg2 Nf6 5. d3 g6 6. e4 Bg7 7. Nge2 0-0 8. 0-0 a6 9. Rb1 Rb8 10. a4 Bd7 11. h3 Ne8 12. f4 Nc7 13. Be3 b5 14. b3 b4 15. Nd5 Ne6 16. f5 Ned4 17. Nxd4 Nxd4 18. Bxd4 Bxd4+ 19. Kh1 e6 20. fxg6 hxg6 21. Nf4 Qg5 22. Ne2 Be5 23. Qe1 Qh5 24. Nf4 Qh7 25. Qd1 Kg7 26. Qg4 Rbd8 27. Qg5 f6 28. Qg4 Bxf4 29. gxf4 e5 30. f5 g5 31. Rf3 Rh8 32. Rg3 Qh4 33. Bf3 Qxg4 34. Bxg4 Rh4 35. Kg2 Rdh8 36. Ra1 Be8 37. Rb1 Bh5 38. Rh1 Bxg4 39. Rxg4 R8h5 40. a5 Kh6 41. Rh2 Kg7 42. Rh1 Rh7 43. Rh2 Kh6 44. Rxh4+ gxh4 45. Kf3 Rg7 46. Rg2 Rg5 47. Rxg5 Kxg5 48. Ke3 1/2-1/2

[Event "Collado Villalba op-B 35th"]
[Site "Collado Villalba"]
[Date "2018.08.29"]
[Round "6"]
[White "De Dompablo Fantova, Juan"]
[Black "Munoz Morato, Miguel"]
[Result "1/2-1/2"]
[WhiteElo "1638"]
[BlackElo "1708"]
[PlyCount "56"]
[EventDate "2018.08.24"]
[EventType "swiss"]
[EventRounds "9"]
[EventCountry "ESP"]
[SourceTitle "CBM 186 Extra"]
[Source "ChessBase"]
[SourceDate "2018.08.24"]
[SourceVersion "1"]
[SourceVersionDate "2018.08.24"]
[SourceQuality "1"]

1. e4 e6 2. d3 d5 3. Nd2 Nf6 4. Ngf3 Be7 5. g3 0-0 6. Bg2 b6 7. 0-0 Bb7 8. Qe2 c5 9. Re1 Nc6 10. e5 Nd7 11. Nf1 d4 12. Bf4 Nb4 13. h4 Nd5 14. Bg5 Rb8 15. N1d2 h6 16. Bxe7 Nxe7 17. Nc4 Qc7 18. Nd6 Bxf3 19. Bxf3 Nxe5 20. Qxe5 Ng6 21. Qh5 Qxd6 22. Be4 Ne7 23. Bg2 Rbe8 24. Re2 Kh8 25. Rae1 Ng8 26. Qf3 Re7 27. g4 g6 28. g5 h5 1/2-1/2

[Event "Collado Villalba op-B 34th"]
[Site "Collado Villalba"]
[Date "2017.08.30"]
[Round "9"]
[White "Cujba, Anca Claudia"]
[Black "Munoz Morato, Miguel"]
[Result "1-0"]
[WhiteElo "1664"]
[BlackElo "1659"]
[PlyCount "73"]
[EventDate "2017.08.22"]
[EventType "swiss"]
[EventRounds "9"]
[EventCountry "ESP"]
[SourceTitle "CBM 180 Extra"]
[Source "ChessBase"]
[SourceDate "2017.10.06"]
[SourceVersion "1"]
[SourceVersionDate "2017.10.06"]
[SourceQuality "1"]

1. e4 e6 2. c4 c5 3. Nc3 Nc6 4. Nf3 g6 5. d4 cxd4 6. Nxd4 Bg7 7. Ndb5 a6 8. Nd6+ Kf8 9. Be3 Nf6 10. f4 Ne8 11. e5 f6 12. Nxe8 Kxe8 13. exf6 Qxf6 14. Rc1 Kf7 15. Rc2 Re8 16. Ne4 Qe7 17. Bc5 Qd8 18. Nd6+ Kg8 19. Nxe8 Qxe8 20. Be2 Qf7 21. 0-0 d5 22. cxd5 exd5 23. Bf3 Be6 24. Rd2 Rd8 25. a3 Na5 26. Bb6 Nc4 27. Bxd8 Ne3 28. Qa4 Bd7 29. Qa5 Nxf1 30. Bxd5 Be6 31. Kxf1 Qxf4+ 32. Ke1 Qe5+ 33. Kd1 Qh5+ 34. Kc1 Bh6 35. Bxe6+ Kg7 36. Qc3+ Kf8 37. Qh8# 1-0

[Event "Collado Villalba op-B 34th"]
[Site "Collado Villalba"]
[Date "2017.08.27"]
[Round "6"]
[White "Gonzalez Pabollet, Jesus Maria"]
[Black "Munoz Morato, Miguel"]
[Result "1-0"]
[WhiteElo "1848"]
[BlackElo "1659"]
[PlyCount "99"]
[EventDate "2017.08.22"]
[EventType "swiss"]
[EventRounds "9"]
[EventCountry "ESP"]
[SourceTitle "CBM 180 Extra"]
[Source "ChessBase"]
[SourceDate "2017.10.06"]
[SourceVersion "1"]
[SourceVersionDate "2017.10.06"]
[SourceQuality "1"]

1. Nf3 d5 2. d4 Nf6 3. Bf4 c6 4. e3 Bg4 5. Be2 e6 6. 0-0 Bd6 7. Bxd6 Qxd6 8. Nbd2 0-0 9. c4 Nbd7 10. Re1 Ne4 11. c5 Qc7 12. Nxe4 dxe4 13. Nd2 Bxe2 14. Qxe2 f5 15. Nc4 Rf6 16. Nd6 Rh6 17. Qc4 Nb6 18. Qb3 Kf8 19. a3 Ke7 20. g3 Rf6 21. Rab1 Rff8 22. Kg2 Rfb8 23. Nxe4 fxe4 24. cxb6 Qxb6 25. Qc2 Qb5 26. Qxe4 Qd5 27. Qxd5 exd5 28. e4 dxe4 29. Rxe4+ Kf6 30. Rbe1 Rd8 31. Rf4+ Kg5 32. Re7 Rg8 33. Rxb7 h5 34. Rc7 Raf8 35. h4+ Kh6 36. Rxc6+ g6 37. Rxf8 Rxf8 38. Rc7 Ra8 39. b4 a6 40. d5 Rd8 41. Rc6 Rxd5 42. Rxa6 Kg7 43. a4 Rd4 44. b5 Rb4 45. b6 Kf7 46. a5 Ke7 47. Ra7+ Kd6 48. Rg7 Kc6 49. Rxg6+ Kb7 50. Rg5 1-0

[Event "Collado Villalba op-B 34th"]
[Site "Collado Villalba"]
[Date "2017.08.22"]
[Round "1"]
[White "Rapaport, Andres Natalio"]
[Black "Munoz Morato, Miguel"]
[Result "0-1"]
[WhiteElo "1362"]
[BlackElo "1659"]
[PlyCount "66"]
[EventDate "2017.08.22"]
[EventType "swiss"]
[EventRounds "9"]
[EventCountry "ESP"]
[SourceTitle "CBM 180 Extra"]
[Source "ChessBase"]
[SourceDate "2017.10.06"]
[SourceVersion "1"]
[SourceVersionDate "2017.10.06"]
[SourceQuality "1"]

1. d4 Nf6 2. Nf3 d5 3. Bf4 e6 4. e3 c5 5. c3 Nc6 6. Bd3 Bd7 7. Nbd2 a6 8. b3 b5 9. c4 Nb4 10. Be2 Qb6 11. Ne5 cxd4 12. 0-0 Bc5 13. exd4 Bxd4 14. Rc1 Nxa2 15. Rc2 Nc3 16. Re1 Nxe2+ 17. Qxe2 0-0 18. Ndf3 Bxe5 19. Nxe5 bxc4 20. bxc4 dxc4 21. Nxd7 Nxd7 22. Rxc4 Qb5 23. Qa2 Nb6 24. Rc2 Nd5 25. Rc4 Nxf4 26. Rxf4 Rfb8 27. g3 a5 28. Rfe4 a4 29. Rc1 h6 30. Rc7 a3 31. Rxe6 Qb1+ 32. Qxb1 Rxb1+ 33. Kg2 fxe6 0-1